00538nam a2200181Ia 4500003000900000008004100009020001800050040001600068080001700084100001800101245008900119260004000208300001300248490003400261650002200295650002000317650001900337IN-BaIIA211028s9999 xx 000 0 eng d a0-201-45564-1 cIIA Library a530.145bSAK aSakurai, J. J 0aModern quantum mechanicscJ. J. Sakurai  aMassachussetsbAddison-Wesleyc1999 ax, 500p. aInternational student edition aQuantum mechanics aQuantum physics aQuantum theory